000 01176cam a2200181 a 4500
999 _c3493
_d3493
020 _a0495115665
020 _a9780495115663
050 0 0 _aHV11
_b.R69
100 1 _aRoyse, David D.
245 1 0 _aResearch methods in social work /
_cDavid Royse.
250 _a5th ed.
260 _aBelmont, CA :
_bThomson Brooks/Cole,
_cc2008
300 _axviii, 395 p. :
_bill. ;
_c24 cm.
500 _aIncludes index.
505 _aCh. 1. Introduction -- Ch. 2. The way research proceeds -- Ch. 3. Ethical thinking and research -- Ch. 4. Single-system designs -- Ch. 5. Research designs for group comparisons -- Ch. 6. Understanding and using research instruments -- Ch. 7. Developing data collection instruments : scales, questionnaires, and interview schedules -- Ch. 8. Quantitative and qualitative sampling -- Ch. 9. Survey research methods -- Ch. 10. Unobtrusive approaches to data collection : secondary data and content analysis -- Ch. 11. Qualitative research -- Ch. 12. Program evaluation -- Ch. 13. Data analysis -- Ch. 14. Professional writing : proposals, research reports, and journal articles.
650 0 _aSocial service
_xResearch
_xMethodology.
942 _cBK